00275nam a2200109Ia 4500008004100000082001400041100001300055245002800068260002900096300000800125650003200133191201s2019 xx 000 0 und d a615.4 GAP aGAUD R.S 0aPractical Pharmaceutics bCBS PubaNew Delhic2019 a306 aPharmaceutical Dosage forms